| 000 | 00000nam##2200000za#4500 |
| 001 | 9.695406 |
| 003 | CaOODSP |
| 005 | 20210624234548 |
| 007 | cr ||||||||||| |
| 008 | 150407|1993||||xxc|||||o f|0| 0 eng|d |
| 040 | |aCaOODSP|beng |
| 043 | |an-cn--- |
| 086 | 1 |aH46-3/2-1993E-PDF |
| 110 | 1 |aCanada.|bHealth and Welfare Canada. |bEnvironmental Health Directorate. |
| 245 | 10|aRequirements for the safe use of baggage x-ray inspection systems : |h[electronic resource]|bsafety code 29 / |c[by H.P. Maharaj]. |
| 260 | |bHealth and Welfare Canada. |cc1993. |
| 300 | |a22p.|breferences |
| 500 | |a"...provides requirements and guidance necessary to ensure that the radiation risks associated with baggage x-ray systems remain negligibly low...is prepared under authority of Treasury Board Standards, is referenced in Canada Labour Code Part II, and is directed to personnel in facilities under federal jurisdiction."--Foreword. Safety Code 29 supersedes Safety Code 21, Recommended safety procedures for the selection, installation and use of baggage inspection x-ray equipment (78-EHD-20). |
| 500 | |a"Safety code 29 supersedes Safety code 21. Recommended safety procedures for the selection, installation and use of baggage inspection x-ray equipment (78-EDH-20)"--p.2 of 22. The catalogue number (H46-3/2-1993E) and ISBN (0-660-15114-6) for the print edition have been incorrectly copied in this electronic publication. |
| 520 | 3 |aOutlines specific responsibilities for system owners, operators, maintenance and radiation safety personnel. Provides requirements and guidance necessary to ensure that the radiation risks associated with baggage x-ray systems remain negligibly low. Safety Code 29 supersedes "Safety Code 21, Recommended Safety Procedures for the Selection, Installation and Use of Baggage Inspection X-ray Equipment" and is in accordance with the 1990 International Commission on Radiological Protection (ICRP) objectives. (78-EHD-20) |
| 590 | |a12-15-Supp|b2012-04-13 |
| 690 | 07|aSafety measures|2gcpds |
| 690 | 07|aRadiation|2gcpds |
| 690 | 07|aAirlines|2gcpds |
| 720 | 1 |aMaharaj, H. P. |
| 775 | 08|tDispositifs à rayons X pour l'inspection des bagages - précautions à prendre : |w(CaOODSP)9.639545 |
| 776 | 0#|tRequirements for the safe use of baggage X-ray inspection systems: Safety Code 29 |w(CaOODSP)9.645217 |
| 856 | 40|ahttp://publications.gc.ca|qPDF|s76 KB|uhttps://publications.gc.ca/collections/Collection/H46-3-2-1993E.pdf |